Princípy Guerilla marketingu

Salvato in:
Dettagli Bibliografici
Autore principale: Štetka, Peter, 1986-
Altri autori: Šlosár, Róbert
Natura: Capitolo di libro
Lingua:slovacco
Soggetti:
Tags: Aggiungi Tag
Nessun Tag, puoi essere il primo ad aggiungerne!!

MARC

LEADER 00000nla a2200000 4500
001 0210556
005 20240522132952.3
041 0 |a slo 
044 |a SK 
245 1 0 |a Princípy Guerilla marketingu  |c Peter Štetka, Róbert Šlosár 
500 |a Abstrakt 
610 2 0 |a guerilla marketing 
100 1 |a Štetka, Peter, 1986- 
700 1 |a Šlosár, Róbert